000 00735pam a2200253 a 4500
001 4833484
005 20171220043332.0
008 901123s1991 mdua b 001 0 eng c
010 _a 90013152
020 _a068303815X (pbk.)
020 _a3541708530 (Munich)
040 _aDNLM/DLC
_cDLC
_dDLC
041 _aeng
060 _aWL 17 H153n
080 _a611.8 DUA
082 0 0 _a611.8 DUA
_220
100 1 _a6
101 _aANA
245 1 0 _aNeuroanatomy :
_cDuane E. Haines.
504 _aIncludes bibliographical references (p. [239]-241) and index.
906 _a7
_bcbc
_corignew
_d1
_eocip
_f19
_gy-gencatlg
942 _2ddc
_cBK
999 _c39204
_d39204